02147nam a2200361 a 450000100100000000500170001000800410002702000250006802000250009304000250011808200150014310000360015824501670019426000400036130000390040149000110044050000250045150505210047659000260099770000330102370000340105670000310109070000420112170000360116370000380119970000450123783000420128295201080132495201140143295201080154695201140165499900170176800004721420201002053443.0091118s2012 dr abc 000 0 spa d a9789945116441 (v. 2) a9789945117288 (v. 1) aDO-SdBNPbspacBNPHU axxxxbxxxx1 aAlmonte Ysiano, Ana Iris93119010aSociedad 7 :beducación básica /cAna Iris Almonte Ysiano ... [et al] ; dirección editorial Obdulia García de Escobar; ilustración José Amado Polanco. aSanto Domingo :bSantillana,c2012. av. :bil., maps., retrs. ;c28 cm.1 aInnova aEducación básica0 gv. 5 :gunidad 1 --tGeografía de América --gunidad 2 --tAsia y África --gunidad 3 --tEuropa y Oceanía --gunidad 4 --tCivilizaciones antiguas --gunidad 5 --tEl descubrimiento --gunidad 6 --tLa llegada de Colón --gunidad 7 --tColonización en Ámerica --gunidad 8 --tEconomía y esclavitud --gunidad 9 --tLas devastaciones --gunidad 10 --tLas dos colonias /rHenry Ramos SantosrFrancisca Alcántara --rAna Iris Almonte Ysianogv. 2 :tGuía recusos didácticos para el profesorado. aInventariado, 2019/VM1 aMorel Bross, Beatrice9311911 aCastro Ricart, Eric --9231701 aRamos Santos, Henry9311741 aCapellán Almonte, Fannyeed.9297661 aAlmonte Ysiano, Ana Iris9311901 aPolanco, José Amadoeil.9231721 aGarca Escobar, Obdulia,edir. ed.929770 0aInnova(República Dominicana)974948 0010718PDaPDbPDcHDd2018-04-24iLF1l0ov. 1p47214-10r2020-06-25w2020-06-25yLFPDZNo se presta 0010718PDaPDbPDcHDd2018-04-24iLF1l0ov. 1, e. 2p47214-20r2020-06-25w2020-06-25yLFPDZNo se presta 0010718PDaPDbPDcHDd2018-04-24iLF1l0ov. 2p47214-30r2020-06-25w2020-06-25yLFPDZNo se presta 0010718PDaPDbPDcHDd2019-01-14iLF1l0ov. 2, e. 2p47214-40r2020-06-25w2020-06-25yLFPDZNo se presta c46702d46702